000 00483nam a2200121Ia 4500
008 160712s9999 xx 000 0 und d
100 _aLuna, Emmanuel M.
245 _cEmmanuel M. Luna
_aCommunity Development Approach in the Recovery of Selected Communities Affected by Typhoon Ondoy Flood
260 _c2011
_bPhilippine Journal of Social Development
300 _avol. 3
650 _xSOCIAL DEVELOPMENT
856 _uhttp://journals.upd.edu.ph/index.php/pjsd/issue/view/413/showToc
999 _c297672
_d297672